| 000 | 00376nam a22001697a 4500 | ||
|---|---|---|---|
| 003 | OSt | ||
| 005 | 20210916154525.0 | ||
| 008 | 210916b |||||||| |||| 00| 0 eng d | ||
| 020 | _a0201336897 | ||
| 040 | _cHu | ||
| 082 | _a330 | ||
| 100 |
_aRoger Leror Milllr _94459 |
||
| 245 | _aEconomics Today | ||
| 260 |
_aNow York _bLNE _c1998 |
||
| 300 | _a791 | ||
| 942 |
_2ddc _cBOOKS _n0 |
||
| 999 |
_c4506 _d4506 |
||